LIBRARY ONLINE CATALOGUE

Why i am christian/by (Record no. 20234)

MARC details
000 -LEADER
fixed length control field 00347nam a22001337a 4500
008 - FIXED-LENGTH DATA ELEMENTS--GENERAL INFORMATION
fixed length control field 230815b |||||||| |||| 00| 0 eng d
020 ## - INTERNATIONAL STANDARD BOOK NUMBER
International Standard Book Number 978-1783590834
050 ## - LIBRARY OF CONGRESS CALL NUMBER
Classification number BR121
Item number .S76 2003
100 ## - MAIN ENTRY--PERSONAL NAME
Personal name Scott, John
245 ## - TITLE STATEMENT
Title Why i am christian/by
Statement of responsibility, etc. John Scott
260 ## - PUBLICATION, DISTRIBUTION, ETC. (IMPRINT)
Place of publication, distribution, etc. England
Name of publisher, distributor, etc. Inter-Varsity press
Date of publication, distribution, etc. 2003
300 ## - PHYSICAL DESCRIPTION
Extent 149p.
942 ## - ADDED ENTRY ELEMENTS (KOHA)
Source of classification or shelving scheme Library of Congress Classification
Koha item type General Collection
Holdings
Withdrawn status Lost status Source of classification or shelving scheme Not for loan Home library Current library Date acquired Cost, normal purchase price Inventory number Total Checkouts Full call number Barcode Date last seen Copy number Price effective from Koha item type
    Library of Congress Classification   Kabarak, Main Campus Kabarak, Main Campus 15/08/2023 750.00 0345/2022   BR121 .S76 2003 C.1 34336 02/08/2024 C.1 15/08/2023 General Collection